[Event "RUS-Cup01 Chigorin Memorial"]
[Site "St Petersburg"]
[Date "1997.11.07"]
[Round "7"]
[White "Ibragimov, Ildar"]
[Black "Egin, Vladimir"]
[Result "1-0"]
[WhiteElo "2585"]
[BlackElo "2445"]
[Annotator "Tsesarsky,I"]
[PlyCount "63"]
[EventDate "1997.11.01"]
[EventType "swiss"]
[EventRounds "9"]
[EventCountry "RUS"]
[SourceTitle "CBM 062"]
[Source "ChessBase"]
[SourceDate "1998.01.31"]
[SourceVersion "1"]
[SourceVersionDate "1998.01.31"]
[SourceQuality "1"]

1. d4 d5 2. c4 e6 3. Nf3 c5 4. e3 Nf6 5. Nc3 a6 6. a3 dxc4 7. Bxc4 b5 8. Ba2
Bb7 9. O-O Nbd7 10. Qe2 (10. d5 $5 exd5 11. Nxd5 c4 12. Nf4 Rc8 (12... Nc5 13.
Nd4 Rc8 14. Qe2 Bd6 15. Nf5 O-O 16. Rd1 Rc6 17. a4 $132) 13. Nd4 Ne5 14. Bd2
Qd7 15. Bc3 Ne4 (15... Be7 16. Bb1 Ne4 17. Bxe4 Bxe4 18. Nde6 $1 Bf6 (18...
fxe6 19. Bxe5 Qxd1 20. Rfxd1 Kf7 21. Rd4 (21. Rd7 Rhd8 22. Rxd8 Rxd8 23. f3 Bc6
24. Bxg7 Rg8 25. Bc3 Bxf3 26. Rf1 Be4 27. h3 Bg5 28. g4 $11) 21... Bc2 22. Rc1
Bb3 23. Nh5 $2 (23. Rd7 Rhd8 24. Rb7 g5 25. Nh5 Rd5 26. Bf6 Re8 27. h4 $1 (27.
Ng7 Red8 $1 $17) 27... gxh4 28. Ng7 Rb8 $1 29. Rxb8 Bxf6 30. Rb7+ Be7 31. f4
Rd2 32. f5 Kxg7 33. Rxe7+ Kf6 34. Rxe6+ Kxf5 35. Rxa6 Rxb2 $14) 23... Rc5 $1
$15) 19. Qxd7+ Kxd7 20. Rfd1+ Bd3 21. Nd4 Rhd8 22. a4 $14) 16. Qh5 Bd6 17. Nf5
$14) 10... Qc7 (10... Qb8 11. Rd1 (11. e4 cxd4 12. Nxd4 Bc5 13. Be3 O-O (13...
Bd6 14. h3 Nxe4 15. Nxe4 Bxe4 16. Rfd1 $44) 14. Rad1 Rd8 15. f4 Nf8 16. b4 Bb6
17. e5 Ne4 18. Nxe4 Bxe4 19. Qf2 Qb7 20. Nf5 Bxe3 21. Nxe3 $11 {Kozul,
Z-Ibragimov,I/Graz op 1994/EXT 97/1-0 (86)}) 11... Bd6 12. dxc5 Nxc5 13. b4
Ncd7 14. g3 O-O 15. Bd2 Rc8 16. Be1 Nb6 17. Rac1 Nc4 18. Nb1 Bd5 $11 {0-1
Stettler,M-Bus,M/BL2-O9697 1997/BL2-O (32)}) (10... Qb6 11. dxc5 (11. Rd1 Rd8
12. h3 (12. e4 cxd4 13. Nxd4 Ne5 14. Bf4 Ng6 15. Be3 Bc5 16. Nc2 O-O 17. Bxc5
Qxc5 18. g3 $11 {0-1 Hebden,M-Sadler,M/Hastings Challengers 1991/EXP 26 (34)})
(12. dxc5 Nxc5 13. b4 Rxd1+ 14. Qxd1 Ncd7 15. Bb2 Bd6 16. Rc1 O-O 17. Ne2 Rc8
18. Rxc8+ Bxc8 19. Bd4 $11 {- Poluljahov,A-Psakhis,L/Gausdal Int 1994/EXT 94})
(12. d5 Nxd5 13. Bxd5 Bxd5 14. Nxd5 exd5 15. Rxd5 Be7 16. e4 O-O 17. Bf4 (17.
a4 $11) (17. Bg5 $11) 17... Nf6 $15 {Vasiljevic,D-Georgiev,K/JUG-chT 1994/EXT
94ch/0-1 (39)}) 12... Be7 13. e4 cxd4 14. Nxd4 Ne5 15. Be3 Bc5 16. Nd5 $6 (16.
Nf3 Rxd1+ 17. Rxd1 Bxe3 18. Qxe3 (18. Nxe5 Bd4 19. Nf3 Bxc3 20. bxc3 Nxe4 $17)
18... Qxe3 19. fxe3 Ng6 $15) (16. Nc2 Rxd1+ 17. Rxd1 Bxe3 18. Nxe3 Nxe4 (18...
O-O 19. Nf1 $11 (19. f4 Ng6 $15)) 19. Nxe4 Bxe4 20. Nf1 f5 21. Ng3 $14) 16...
exd5 17. b4 Bxb4 18. axb4 O-O 19. Nb3 Qc7 20. Bf4 dxe4 21. Nc5 Rxd1+ 22. Rxd1
Re8 $15 {0-1 Kozul,Z-Zifroni,D/EUCup G2 1997 (30)}) 11... Bxc5 12. e4 O-O 13.
e5 Bxf3 14. gxf3 Nh5 15. f4 g6 16. Ne4 Qb7 17. Rd1 Rac8 18. Qf3 Rc7 19. Kg2
Rfc8 20. Bd2 Be7 21. Rac1 Nb6 22. Be3 Kg7 23. Rxc7 Rxc7 24. Nd6 Qxf3+ 25. Kxf3
Rc6 26. f5 $1 $14 {1/2-1/2 Atalik,S-Sadler,M/Hastings9596 1996 (45)}) (10...
Be7 11. Rd1 Qb6 12. e4 cxd4 13. Nxd4 Qc7 14. f4 Nb6 15. e5 Nfd5 16. f5 Bc5 17.
Kh1 Bxd4 18. Rxd4 Nxc3 19. bxc3 Bd5 (19... Qxc3 20. Bb2 Qh3 $1 21. fxe6 fxe6
22. Rd6 Nc4 23. Bxc4 bxc4 24. Kg1 Qf5 25. Qxc4 O-O 26. Qxe6+ $16) 20. Bxd5 Nxd5
21. c4 $16 {Kozul,Z-Spangenberg,H/Groningen op 1994/EXP 45/1-0 (35)}) 11. e4 (
11. dxc5 Bxc5 12. e4 O-O 13. Bd2 Rac8 14. Rac1 Qb8 15. Bb1 Nb6 16. Na2 Nc4 17.
Bc3 Qf4 18. Rce1 Rfd8 $15 {0-1 Kurajica,B-Rublevsky,S/Moscow olm 1994/CBM 45 
(44)}) (11. Rd1 Bd6 12. dxc5 Nxc5 13. b4 Ncd7 14. Bb2 Rc8 15. Rac1 Qb8 16. e4
O-O 17. g3 Nb6 $11 {1/2-1/2 Piskov,Y-Rublevsky,S/Helsinki op 1992 (34)}) (11.
h3 Be7 12. e4 b4 13. e5 $1 bxc3 14. exf6 Nxf6 15. bxc3 O-O 16. Ne5 cxd4 17.
cxd4 Bd5 $15 {1/2-1/2 Letelier Martner,R-Bazan,O/Mar del Plata 1960 (41)})
11... cxd4 (11... b4 12. axb4 cxb4 13. Nd5 $5 exd5 14. exd5+ Be7 15. Re1 O-O (
15... Ng8 $2 16. Ng5 Qd6 17. Ne4 Qg6 18. d6 Bxe4 19. Qxe4 Qxe4 20. Rxe4 Ndf6
21. Re2 Rd8 22. Bf4 Kf8 23. dxe7+ Nxe7 24. Be5 $16) (15... Nf8 $4 16. Bf4 $18)
16. Qxe7 Nxd5 17. Bxd5 Bxd5 18. Ne5 (18. Qxb4 Bxf3 19. gxf3 Nf6 $17 {Atalik,S})
(18. Nh4 Qc6 19. Qxb4 (19. Bf4 a5 20. Nf5 Be6 21. Qg5 Bxf5 22. Qxf5 Qf6 23.
Qxf6 Nxf6 24. Bd6 Rfd8 25. Bc5 Nd5 $11) 19... Rae8 20. Be3 $16) 18... Rfe8 19.
Qxb4 Nxe5 20. dxe5 Rxe5 21. Rxe5 Qxe5 22. Bf4 Qf5 23. h3 {1/2-1/2 Atalik,
S-Kharlov,A/Budapest 1992}) 12. Nxd4 Bc5 13. Be3 (13. Nf3 O-O 14. Bg5 h6 15.
Bh4 Bxa3 $1 16. Rac1 Bc5 17. Bg3 Qb6 18. e5 Nh5 $17 {0-1 Lacko,P-Akesson,R/
Rilton Cup 1990/EXT 90op (41)}) 13... Rd8 $6 (13... O-O 14. Rac1 Rac8 15. Rfd1
(15. b4 Bxd4 16. Bxd4 Bxe4 $15) 15... Rfd8 16. b4 Bd6 17. Nf3 Bc6 $11) 14. Rac1
Qb6 15. Rfd1 Ne5 $1 (15... O-O $4 16. b4 Bxd4 17. Bxd4 Qc7 18. e5 $18) 16. Nd5
$5 $11 (16. Nf3 Rxd1+ 17. Nxd1 Bxe3 18. Nxe3 Nxf3+ 19. gxf3 O-O $15) (16. Bd5
$142 $1 exd5 17. b4 Bxb4 18. axb4 Nxe4 (18... Nc4 19. exd5 (19. Nxd5 Nxd5 20.
exd5 Rxd5 (20... O-O 21. Ne6 Nxe3 22. Nxd8 Nxd1 23. Nxb7 Qxb7 24. Rxd1 Rd8 25.
d6 $14) 21. Bf4+ Kf8 22. Re1 Qd8 $8 23. Nb3 $44) 19... O-O 20. Nf5 Nxe3 21.
Qxe3 Qxe3 22. Nxe3 $11 (22. fxe3 Rfe8 23. d6 Re5 $17)) 19. Ndxb5 Nxc3 20. Nxc3
Qe6 21. Bd4 Nc4 22. Bxg7 $14) (16. Nb3 $5 Rxd1+ (16... Bxe3 17. Rxd8+ Kxd8 18.
fxe3 Nxe4 19. Nxe4 Bxe4 20. Qd2+ Bd5 (20... Ke7 21. Qb4+ $18) 21. Nc5 Ke7 22.
Bxd5 exd5 23. Qxd5 f6 24. Qe4 $14) 17. Nxd1 Bxe3 18. Qxe3 Qxe3 19. Nxe3 O-O 20.
f3 Rc8 21. Rxc8+ Bxc8 22. Nc5 Nfd7 23. Nxd7 Bxd7 24. b4 $14) 16... exd5 17. b4
(17. Rxc5 $5 Nxe4 (17... Qxc5 18. Ne6 Qd6 (18... Qc8 19. Nxd8 (19. Nxg7+ Kf8
20. Bh6 Qg4 21. Nf5+ Ke8 22. f3 Qg6 23. Bf4 dxe4 24. Rxd8+ Kxd8 25. Qd2+ Nfd7
26. Bxe5 Qxf5 27. Bxh8 exf3 28. gxf3 Qxf3 $17) 19... Qxd8 20. Bd4 Nfd7 21. Bxd5
Qc7 22. f4 Nc6 23. Bxg7 Rg8 24. Bc3 Qxf4 25. Rf1 Qg4 26. Qxg4 Rxg4 27. Rxf7 Nd4
28. Rxd7 Ne2+ 29. Kf2 Kxd7 30. Bxb7 Nxc3 31. bxc3 a5 32. Bd5 Kd6 33. g3 $44)
19. Nxg7+ Kf8 20. Nf5 Qc7 21. Rc1 Bc6 22. Bh6+ Kg8 23. exd5 $18) 18. Rcc1 Qf6
19. Rc7 Ba8 20. f3 Nd6 21. a4 $14) 17... Bxd4 (17... Be7 18. Nf5 d4 19. Rxd4
Kf8 20. Rd5 Nxd5 21. Bxb6 Nxb6 22. Nxe7 Kxe7 23. Qe3 $16) 18. Bxd4 Qe6 $8 19.
exd5 Bxd5 20. Bxe5 O-O (20... Bxa2 $1 21. Rxd8+ Kxd8 22. Bxf6+ gxf6 23. Qd2+
Qd5 24. Qxd5+ (24. Rd1 Kc8 25. Qc3+ Qc4 26. Qxf6 Re8 27. Qxa6+ Kb8 28. Qb6+ $11
) 24... Bxd5 25. Rd1 Ke7 26. Rxd5 Rc8 $11) 21. Bb1 Rfe8 22. f4 (22. Re1 Ng4 23.
Qd3 Nxe5 24. Qxh7+ Kf8 25. Qh8+ (25. Bf5 $2 Qh6 $19) 25... Ke7 26. Qxg7 Kd6 (
26... Kd7 27. Re3 Re7 28. Qg5 f6 29. Qh5 $13) 27. Bh7 $1 $13 (27. f4 Nf3+ 28.
gxf3 Qxe1+ 29. Rxe1 Rxe1+ 30. Kf2 Rxb1 31. Qf6+ Kc7 32. Qxa6 Rb2+ $19)) 22...
Ng4 23. Qd3 (23. Rc5 $5 Bc4 (23... Nxe5 24. Qxe5 Qxe5 25. fxe5 Bb7 (25... Rxe5
26. Ba2 Re1+ 27. Rxe1 Bxa2 $16) 26. Rd6 $14) 24. Qe1 Qh6 25. h3 Rxd1 26. Qxd1
Nxe5 27. Rxe5 Qb6+ 28. Kh1 Rd8 29. Qe1 $14) 23... Qh6 24. h3 Nxe5 25. fxe5 g6 (
25... Rxe5 $2 26. Ba2 (26. Rc5 Qh4) 26... Qb6+ (26... Qe6 27. Rc5 Re1+ 28. Rxe1
Qxe1+ 29. Kh2 $18) 27. Rc5 Rg5 28. g4 $1 $16) (25... Qh4 $15) 26. Qg3 Bb7 (
26... Bc4 $15) 27. Kh2 Rd2 (27... Rxd1 28. Rxd1 Qh5 29. Rd7 Bc6 30. Rd6 Bb7 31.
Rd7 $11) 28. Rxd2 Qxd2 29. Rc7 Qd5 $4 (29... Bd5 30. Rd7 (30. Bf5 Qd4 31. Rc8
Rxc8 32. Bxc8 Bxg2 (32... Qb6 33. Qc3 $11) 33. Qxg2 (33. Kxg2 Qe4+ 34. Qf3 Qc2+
$17) 33... Qf4+ 34. Qg3 (34. Kg1 Qc1+ $17) 34... Qd2+ 35. Qg2 Qf4+ 36. Qg3 $11)
30... Qd4 31. Ba2 Rxe5 32. Rd6 Kg7 33. Bxd5 Rxd5 34. Rxa6 Re5 $15) 30. Bc2 $18
Ba8 31. Bb3 Qd8 32. e6 1-0

[Event "Czerniak Memorial 13th"]
[Site "Tel Aviv"]
[Date "1997.04.27"]
[Round "11"]
[White "Gofshtein, Leonid D"]
[Black "Zifroni, Dov"]
[Result "1-0"]
[WhiteElo "2530"]
[BlackElo "2490"]
[Annotator "Tsesarsky,I"]
[PlyCount "81"]
[EventDate "1997.04.04"]
[EventType "tourn"]
[EventRounds "11"]
[EventCountry "ISR"]
[EventCategory "10"]
[SourceTitle "CBM 059"]
[Source "ChessBase"]
[SourceDate "1997.08.01"]
[SourceVersion "1"]
[SourceVersionDate "1997.08.01"]
[SourceQuality "1"]

1. d4 d5 2. c4 dxc4 3. e3 Nf6 4. Bxc4 e6 5. Nf3 c5 6. O-O a6 7. e4 Nxe4 $6 (
7... b5 8. Bd3 Bb7 9. Bg5 cxd4 10. Nxd4 Nbd7 11. Nc3 Ne5 12. Ncxb5 $6 (12. Bc2
$14) 12... Nxd3 13. Qxd3 axb5 $17 {0-1 Kasparov,G-Gulko,B/ 1982 (23)}) 8. d5 (
8. Qe2 Nf6 9. d5 b5 10. dxe6 bxc4 (10... fxe6 11. Bxe6 Qe7 12. Ng5 Bxe6 13.
Nxe6 $16 {1-0 Halkias,S-Fanouraki,N/Aegina op 1996 (27)}) 11. Rd1 Qb6 12. exf7+
Kxf7 13. Ng5+ Kg6 14. Rd5 (14. Nd2 Nc6 15. Ndf3 Bg4 16. Nh4+ Kh5 17. f3 Nd4 (
17... Bc8) 18. fxg4+ Nxg4 19. Qe4 Qc7 (19... Bd6 20. Ngf3 Rae8 21. Qxg4+ $3
Kxg4 22. Rxd4+ (22. h3+ Kg3 23. Rxd4 Re1+ 24. Nxe1 cxd4 25. Nf5# {!}) 22... Bf4
23. Rxf4+ Kh5 24. g4+ Kh6 25. Rf6#) 20. Ngf3 {1-0 Meyer,K-Voettner,H/corr EU/M/
GT30 (FS-68/265) 0}) 14... Nxd5 15. Qe8+ Kf5 16. g4+ Kxg4 17. Qxc8+ Kh5 18.
Qe8+ g6 (18... Qg6 19. Qe2+ Kh4 20. Qxc4+ Kh5 21. Qe2+ Kh4 22. Qf3 $18) 19.
Qe2+ Kh6 20. Qe5 {1-0 Trofimov,S-Metlyakhin,D/RUS-chT Moscow 1994}) 8... Nf6 (
8... e5 9. Re1 Nd6 10. Nxe5 Be7 $1 $18 11. Bd3 (11. Bg5 $16) 11... h6 12. Qh5 (
12. Be3 $16 {Rustemov,A-Kharlov,A/RUS-ch Elista 1996/1-0 (78)}) 12... Kf8 13.
Nc3 $16) (8... b5 9. dxe6 Qxd1 (9... bxc4 10. exf7+ Ke7 11. Qe1 $1 $16) 10.
exf7+ Ke7 11. Rxd1 bxc4 12. Re1 $16) (8... Nd6 9. dxe6 Bxe6 (9... Nxc4 10.
exf7+ Ke7 11. Bg5+) 10. Bxe6 fxe6 11. Qe2 $14 (11. Re1 $5)) (8... exd5 9. Bxd5
Nd6 (9... Nf6 10. Bxf7+) 10. Re1+ Be7 11. Bg5 $16) 9. dxe6 $2 (9. Re1 $1 Be7
10. dxe6 Bxe6 11. Qxd8+ Bxd8 (11... Kxd8 12. Bxe6 fxe6 13. Ng5 Kc8 14. Nxe6 g6
15. Bg5 Nbd7 16. Nc3 $16) 12. Ng5 $16 (12. Bxe6 fxe6 13. Ng5 O-O 14. Nxe6 Re8
15. Nc3 b6 16. Bg5 Nc6 17. Na4 $18)) 9... Bxe6 10. Qe2 (10. Qxd8+ Kxd8 11. Bxe6
fxe6 12. Ng5 Ke7 (12... Kd7 13. Rd1+ Nd5 14. Nc3 Bd6 15. Nxd5 exd5 16. Rxd5 Rd8
17. Bf4 $18) 13. Re1 Nc6 14. Nxe6 Kd7 15. Nxf8+ (15. Bg5 Re8) 15... Rhxf8 16.
Be3 b6 17. Nc3 Rad8 18. Rad1+ Kc8 19. Rxd8+ Rxd8 20. Bg5 $14) 10... Nc6 11.
Bxe6 fxe6 12. Qxe6+ Be7 13. Nc3 (13. Ng5 Qd5 14. Nc3 Qxe6 15. Nxe6 Kf7 16. Re1
(16. Ng5+ Kg6 17. Re1 Rhe8 $11) 16... Nd4 $132) 13... Qd7 14. Qb3 (14. Ng5 Qxe6
15. Nxe6 $11) 14... O-O-O 15. Bf4 Qf5 16. Bg3 Rd3 17. Nh4 (17. Rad1 Rxd1 18.
Rxd1 Rd8 $11) (17. Qb6 Bd8 $1) 17... Qd7 18. Qc2 Rd2 19. Qc1 Nh5 20. Nf3 (20.
Na4 Nxg3 21. hxg3 Kb8 22. Nxc5 Bxc5 (22... Qd5 23. Ne4 $14) 23. Qxc5 Rxb2 24.
Rfd1 $132) 20... Nxg3 21. hxg3 Rd3 22. Re1 (22. Na4 Qf5) 22... Rf8 23. Re3 Kb8
24. Qe1 Rxe3 25. Qxe3 Qf5 26. Ne4 Ne5 27. Nxe5 Qxe5 28. Rb1 (28. Rd1 Qxb2 29.
Nxc5 Bxc5 30. Qxc5 Rc8 31. Qd6+ Ka8 $11) 28... Rd8 29. b3 Rd4 30. Re1 c4 31. f4
Qd5 $2 (31... Qa5 32. Qxd4 Qxe1+ 33. Kh2 cxb3 34. Qe5+ Ka7 35. Qxe7 bxa2 36.
Qc5+ $11) 32. Nc3 $16 Qa5 $4 (32... Bc5 33. Nxd5 Rxd5 34. bxc4 Bxe3+ 35. Rxe3
Rd7 $16) 33. Qxe7 $18 Qxc3 34. Qf8+ Kc7 35. Qc5+ Kd8 36. Qb6+ Kd7 37. Qxb7+ Kd8
38. Qb8+ Kd7 39. Qe8+ Kc7 40. Re7+ Kb6 41. Qb8+ 1-0

[Event "Petah Tikva 3th"]
[Site "Petah Tikva"]
[Date "1997.10.19"]
[Round "7"]
[White "Peker, Oleg"]
[Black "Tsesarsky, Ilya"]
[Result "0-1"]
[WhiteElo "2370"]
[BlackElo "2445"]
[Annotator "Tsesarsky,I"]
[PlyCount "58"]
[EventDate "1997.10.??"]
[EventType "swiss"]
[EventRounds "10"]
[EventCountry "ISR"]
[SourceTitle "CBM 061"]
[Source "ChessBase"]
[SourceDate "1997.11.23"]
[SourceVersion "1"]
[SourceVersionDate "1997.11.23"]
[SourceQuality "1"]

1. d4 Nf6 (1... d5 2. c4 e6 3. Nc3 Nf6 4. Bg5 dxc4 5. e3 c5 6. Bxc4 cxd4 7.
exd4 Be7 8. Nf3 Nc6 9. O-O O-O 10. a3 a6 11. Re1 b5 12. Ba2 Bb7 13. Rc1 Rc8 14.
Bxf6 Bxf6 15. Ne4 Bxd4 16. Rxc6 Bxc6 17. Nxd4 Bxe4 18. Rxe4 e5 {0-1 Sinkovics,
P-Blatny,P/Biel op 1991}) 2. c4 e6 3. Nc3 Bb4 (3... d5 4. Bg5 dxc4 5. e3 Be7 6.
Bxc4 c5 7. Nf3 cxd4 8. exd4 O-O 9. O-O Nc6 10. Re1 a6 11. a3 b5 12. Ba2 (12.
Bb3 Bb7 13. Qd2 Na5 14. Ba2 Bxf3 15. gxf3 Rc8 16. Re2 Nc4 $15 {0-1 Verdnikov
V-Arakelian A/Tournament 1989 (33)}) 12... Bb7 (12... b4 13. axb4 Nxb4 14. Bb1
Nfd5 15. Bxe7 Qxe7 16. Qd2 Rd8 17. Ne5 Bb7 18. Ne4 f6 19. Nf3 Nc7 $15 {1/2-1/2
Chmelik Jiri-Dubansky Bohuslav/Czech League 1995 (28)}) 13. Qd3 b4 (13... Rc8
14. Rad1 b4 15. Na4 bxa3 16. bxa3 Qa5 17. Bxf6 Bxf6 18. Nc5 Rc7 19. Nxb7 Rxb7
20. d5 exd5 21. Bxd5 Rb6 {1-0 Zoler,D-Kelecevic,N/Velden op /02) 1995 (40) [#]}
(21... Rc7 $14) 22. Bxf7+ $1 $16) (13... Ne8 14. h4 g6 15. Bh6 Ng7 16. Rad1 Na5
17. d5 $14 {1-0 Jetzl,J-Deutsch,L/Graz op (A6/20) 1997 (35)}) 14. Bb1 g6 15.
Na4 (15. axb4 Nxb4 16. Qe2 Kg7 17. Qd2 Ng8 18. Bxe7 Nxe7 19. Ne4 $11 {1-0
Batuev A-Kirillov Vladimir/Ch URS 1947 (36)}) 15... bxa3 16. bxa3 Qa5 17. Nc5
Nxd4 $1 $17 {0-1 Guliev,S-Blatny,P/St.Mesto 1992 (20)}) 4. e3 c5 5. Bd3 O-O 6.
Nf3 d5 7. O-O Nc6 8. a3 cxd4 9. exd4 dxc4 10. Bxc4 Be7 11. Re1 a6 12. Bg5 (12.
Ba2 b5 13. d5 $1 Nxd5 14. Nxd5 exd5 15. Qxd5 Bb7 16. Qh5 $1 Qd6 17. Bg5 (17.
Ng5 Qg6 18. Qxg6 hxg6 19. Bf4 $14) 17... Rad8 18. Bxe7 (18. Rac1 Bxg5 19. Nxg5
Qg6 20. Qh4 Rd4 21. Qg3 $16) 18... Nxe7 19. Ng5 Qg6 20. Qxh7+ Qxh7 21. Nxh7
Rfe8 22. Ng5 $16) 12... b5 13. Bb3 (13. Ba2 $5 Bb7 (13... Ra7 $1 14. Qd2 (14.
d5 Nxd5 15. Bxd5 exd5 16. Qxd5 Qxd5 17. Nxd5 Bxg5 18. Nxg5 Rd7 $15) (14. Qd3
Rd7 15. Rad1 Bb7 16. Bb1 g6 $132) 14... Rd7 15. Rad1 Bb7 16. Bb1 Qa8 17. Qc2 g6
18. Bxf6 Bxf6 19. d5 exd5 20. Ba2 (20. Nxd5 Rxd5 21. Rxd5 Nb4 $17) 20... Na5
21. Nd4 Nc4 $17 {1/2-1/2 Heppekausen,J-Chlaifer,R/NRW-I 1994 (33)}) 14. Qd3 b4
15. Bb1 (15. Na4 bxa3 16. bxa3 Na7 (16... Qa5 17. Bxf6 (17. Nc5 Nxd4 $1 18.
Nxb7 Nxf3+ 19. Qxf3 Qxg5 $17) 17... gxf6 18. Nc5 Bxc5 19. dxc5 Qxc5 20. Rac1
Qh5 $15) 17. Rad1 Nb5 18. Bb1 g6 19. Ne5 Bd5 20. Nc5 Ra7 (20... Ng4 21. Bxe7
Nxe5 22. Rxe5 Qxe7 $11) 21. a4 $14 {1-0 Garcia,G-Rodriguez,A/Thessaloniki olm
1984 (40)}) 15... g6 16. axb4 Nxb4 17. Qe2 Bxf3 18. Qxf3 Qxd4 19. Ra4 a5 (19...
Kg7 $15) 20. Be4 Rac8 (20... Ra6 21. Bb7 Rb6 22. Be3 Qe5 23. Rea1 Rxb7 24. Qxb7
Bd6 25. g3 Rb8 26. Qa7 $16) 21. Rxa5 Nfd5 (21... Nxe4 22. Rxe4 (22. Bxe7 Nxc3 (
22... Nd2 23. Qd1 Rfe8 24. Re4 Nxe4 25. Qxd4 Nxc3 26. Qh4 Ncd5 27. Bc5 Nd3 28.
Qd4 N5b4 29. Qe3 Nxc5 30. Rxc5 Nd3 31. Rxc8 Rxc8 32. Qxd3 (32. h4 Nxb2 $11)
32... Rc1+ 33. Qf1 Rxf1+ 34. Kxf1 Kf8 35. Ke2 Ke7 36. Kd3 Kd6 37. Kc4 Kc6 38.
b4 f6 39. f4 h5 40. h4 Kd6 41. b5 e5 42. fxe5+ fxe5 43. g3 $18) 23. Bxf8 Qd2 $1
24. Raa1 Nc2 $1 25. Bb4 $1 Nxe1 26. Qxc3 Qxc3 (26... Nf3+ 27. Kh1 $1 (27. gxf3
Qg5+ 28. Kf1 Rxc3 29. Ra8+ Kg7 30. Bxc3+ Kh6 $19) 27... Qxc3 28. Bxc3 Ng5 29.
f3 $14) 27. Bxc3 Nd3 $14) 22... Qd6 23. Bxe7 Qxe7 $11) 22. Bh6 Rfe8 23. Bxd5
Nxd5 24. Nxd5 exd5 25. g3 Qb4 26. Raa1 $11 {1-0 Szabo,L-Evans,L/Hastings4950
1949 (52)}) (13. Bd3 Bb7 14. Bc2 Rc8 15. Qd3 g6 16. Rad1 b4 17. Na4 Nd5 (17...
bxa3 18. bxa3 Qa5 $132) 18. Nc5 Bxg5 19. Nxb7 Qe7 20. Nxg5 Qxg5 21. Nd6 Rc7 22.
Ne4 Qe7 23. Ba4 {1/2-1/2 Pachman,L-Golombek,H/Saltsjobaden izt 1952}) 13... Bb7
14. Qd3 b4 15. Na4 bxa3 16. bxa3 Na5 (16... Qa5 $1 17. Bxf6 Bxf6 18. Nc5 Qc7
19. Rab1 Rab8 20. Bc2 g6 21. Nxb7 Rxb7 22. Rxb7 Qxb7 23. Rb1 Qc8 24. d5 Rd8 25.
Rb6 Ne7 $17) 17. Bc2 g6 18. Rab1 Bc6 (18... Ra7 19. Ne5 Qd5 20. Qh3 Ba8 $132 (
20... Qa2 21. Rbc1)) 19. Nc3 (19. Nb6 Ra7 20. Ne5 Bb5 21. Qf3 Rb7 22. Na4 Rc7
23. Nc3 Qxd4 24. Nxb5 axb5 25. Bd3 Qd5 26. Qxd5 Nxd5 27. Bxe7 Nxe7 28. Rxb5
Nac6 $11) 19... Qd6 20. Ne5 Rfd8 (20... Rfc8 21. a4 Bd5 $15) 21. Rb6 Qc7 22.
Reb1 Bd5 (22... Bb5 23. R6xb5 (23. Nxb5 Qxb6 24. Qf3 axb5 25. Bxf6 Bxf6 26.
Qxf6 Ra7 $19) 23... axb5 24. Nxb5 (24. Qf3 Kg7 25. Be4 Rac8 26. Nxb5 Qb6 27. h4
Nc4 28. h5 Nxe5 29. dxe5 Nxe4 30. Bxe7 Rd2 (30... Rd7 31. Qxe4 Rxe7 32. Nd6 Qd8
33. Nxc8 Qxc8 34. Qf4 Rd7 35. h6+ Kf8 36. Qf6 $18) 31. Qxe4 Qxf2+ 32. Kh2 Rc4
33. Qa8 Rh4+ 34. Bxh4 Qxh4+ 35. Kg1 Qf2+ $11) 24... Qc8 25. Bd1 (25. Qf3 Qxc2)
(25. Rc1 Qa6 (25... Qb7 26. Rb1 Qc8 (26... Ng4 27. Nxf7 $1 $16) 27. Rc1 $11)
26. a4) 25... Nd5 26. Bxe7 Nxe7 27. Bf3 Nd5 $17) 23. Bd2 Bc4 (23... Bb7 24. Qe3
Bxa3 25. Ne4 Nxe4 (25... Nd5 26. Qxa3 Nxb6 (26... Qxc2 $2 27. Qf3 Qc7 (27...
Rf8 28. R6b2 $18) 28. R6b2 $18) 27. Nf6+ (27. Bxa5 Qxc2 28. Nf6+ Kg7 (28... Kh8
29. Rc1 Rxd4 30. Qa1 Qa4 31. Bxb6 Qxa1 32. Rxa1 Rb4 33. Bc5 Rb5 34. Bd4 Kg7 35.
Nfd7 f6 (35... f5 36. Nc4+ Kg8 37. Nf6+ Kf8 38. Nxh7+ Kg8 39. Nf6+ Kf8 40. Nd6
Rb3 41. Nd7+ Ke7 42. Nc5 $18) (35... h5 36. Ng4+ Kh7 37. Ndf6+ Kg7 38. Nxh5+
Kf8 39. Bg7+ Ke8 40. Nhf6+ Ke7 41. Rd1 Bc6 (41... Rd8 42. Ng8+ Rxg8 43. Bf6+
Ke8 44. Rd8#) 42. Nh6 Rbb8 43. Nfg4 Ba4 (43... a5 44. Ne5) 44. Ra1 Rb7 45. Bf6+
Kf8 46. Ne5 Bb5 47. h4 $132) 36. Ng4 e5 37. Be3 $14) 29. Nh5+ Kg8 $11) 27...
Kg7 28. Nh5+ Kg8 29. Bxa5 Qxc2 30. Rc1 Rxd4 $1 $19) 26. Bxa5 Qxc2 27. Rxb7 Ra7
28. Nxf7 Rxb7 29. Nh6+ Kh8 30. Rxb7 Qd1+ 31. Be1 $18) 24. Qg3 (24. Nxc4 Qxc4
25. Ne2 Rac8 26. R1b2 Qd5 (26... Qxd3 27. Bxd3 Nc4 28. Bxc4 Rxc4 29. Rxa6 Ne4
30. Be3 Bf6 $44) 27. Bb4 Bxb4 28. R2xb4 Nc6 29. Ra4 a5 30. Rb5 Qd6 31. Rc4 e5
32. Rb6 Nd7 33. Ra6 exd4 34. Rxd4 Qe7 $19) 24... Rxd4 25. Be3 Bc5 $4 $138 (
25... Rd6 $17) 26. Qf3 $4 $138 (26. Ng4 $1 Qxg3 (26... Qd8 27. Bxd4 Bxd4 28.
Rd6 Nxg4 29. Rxd8+ Rxd8 30. Qc7 Bxf2+ 31. Kh1 Rd2 32. Bd1 Ne3 33. Qxa5 $18) (
26... Qe7 27. Rb8+ Rd8 28. Bxc5 Qxc5 29. Nxf6+ $18) (26... Ne8 27. Qxc7 Nxc7
28. Rb8+ Rd8 (28... Kg7 29. Bh6#) 29. Rxa8 Nxa8 30. Bxc5 $18) 27. Nxf6+ Kg7 (
27... Kh8 28. hxg3 Bxb6 29. Rxb6 Rdd8 30. Nfe4 $16) 28. hxg3 Bxb6 29. Rxb6 Rdd8
30. Nfe4 $16) 26... Qxe5 $19 (26... Nd5 27. Nxd5 Bxd5 (27... Rxd5 28. Nxc4 Nxc4
29. Rb7 $18) 28. Qf6 $16 Nc4 29. Nxf7 Rh4 30. Qxh4 Bxb6 31. Nh6+ Kg7 32. Bxb6
Nxb6 33. Ng4 Rf8 34. Bxg6 $18) 27. Qxa8+ (27. Bxd4 Qxd4 (27... Bxd4 28. Qxa8+
Kg7 29. Qb8 Bxf2+ $1 30. Kh1 (30. Kxf2 Qd4+ 31. Ke1 (31. Kg3 Qxc3+ $19) 31...
Qxc3+ 32. Kd1 Nd5 $19) 30... Qxc3 $19) 28. Rd1 Qxf2+ 29. Qxf2 Bxf2+ 30. Kxf2
Ng4+ 31. Kg3 Ne3 32. Rc1 Nxc2 33. Rxc2 Bd3 34. Rf2 Rc8 $17) 27... Kg7 28. Qb8 (
28. Re1 Rf4 $3 (28... g5 29. Rbb1 Bd6 30. g3 Rg4 31. Ne2 Bxe2 32. Rxe2 Nd5 33.
Rbe1 Nc4 34. Bc5 Qf4 35. Re4 Qd2 36. Bxd6 Nxd6 37. R4e2 Qa5 $44) 29. Rbb1 Rxf2
$3 30. Bh6+ (30. Bxf2 Bxf2+ 31. Kxf2 Qd4+ 32. Kg3 g5 $19) 30... Kxh6 31. Rxe5
Rf1#) 28... Bd6 29. Bxd4 $2 $138 (29. Rxd6 $8 Rxd6 30. Qb2 Bd3 31. Re1 Nc4 32.
Qb4 a5 33. Qb3 Nxe3 34. Rxe3 Bxc2 35. Qxc2 Qc5 $19) 29... Qxh2# 0-1

[Event "Leeuwarden op"]
[Site "Leeuwarden"]
[Date "1997.??.??"]
[Round "7"]
[White "Sokolov, Ivan"]
[Black "Yakovich, Yuri"]
[Result "1-0"]
[WhiteElo "2635"]
[BlackElo "2610"]
[Annotator "Van der Wiel,J"]
[PlyCount "75"]
[EventDate "1997.11.08"]
[EventType "swiss"]
[EventRounds "9"]
[EventCountry "NED"]
[SourceTitle "EXT 1999"]
[Source "ChessBase"]
[SourceDate "1998.11.16"]
[SourceVersion "1"]
[SourceVersionDate "1998.11.16"]
[SourceQuality "1"]

1. d4 d5 2. c4 dxc4 3. e3 e6 4. Bxc4 c5 5. Nf3 a6 6. O-O Nf6 7. e4 $6 b5 8. Bd3
cxd4 9. e5 Nd5 10. Nxd4 Bb7 11. Nd2 Nf4 $1 12. N2f3 Nxd3 13. Qxd3 Nc6 14. Rd1
Be7 15. Qb3 Na5 16. Qc2 Bd5 17. Bd2 Nc4 18. Bf4 Rc8 19. Qe2 O-O 20. b3 Nb6 21.
Rd3 Qc7 $6 (21... Nd7 $142) 22. Ng5 h6 23. Ne4 Bxe4 24. Qxe4 Nd5 25. Bxh6 Nc3 (
25... gxh6 26. Nxe6 Qc1+ 27. Rd1) 26. Qf4 Rfd8 27. Re1 Rxd4 28. Qxd4 gxh6 29.
h4 Kf8 30. Qf4 Ke8 31. Qxh6 Rd8 32. Rg3 Rd5 33. h5 Bf8 34. Rg8 Qe7 35. Qe3 b4
36. h6 Qh4 37. Qh3 Ne2+ 38. Kf1 1-0